00335 a2200109 4500001001000000005001700010008004100027245004300068100003100111773006800142999001500210ART_2580920260410161602.0260409a 10aLos costos en las haciendas públicas1 aRodríguez, Roberto Mario0 tProfesional & Empresariag- Año VI, Nº 74 (nov. 2005)wREV70 c9769d9769